| 000 | 00654nam a2200121Ia 4500 | ||
|---|---|---|---|
| 008 | 200902s9999 xx 000 0 und d | ||
| 020 | _a978-1-98462-349-2 | ||
| 245 |
_cAleksandar Mratinkovic , Dan Piestun , Felecia Killings , Sandra El Hajj , Hazem Shawky Fouda , Fozia Parveen , Igor Krunic , Jovan Pehcevski , Tanjina Nur , Stephen , MIchelle.-- _a3GE collection on computer science : _bArtificial intelligence and application / |
||
| 260 |
_aNew York : _b3G E-Learning _c2019 |
||
| 300 |
_aix , 294 pages : _bcolor illustrations ; _c26 cm. |
||
| 650 | _aArtificial intelligence -- data processing | ||
| 650 | _aArtificial intelligence -- study and teaching | ||
| 999 |
_c364030 _d364030 |
||